UK Quiz - All answers begin with A - Statistics

General Stats
  • This quiz has been taken 33 times
  • The average score is 10 of 20
Answer Stats
Hint Answer % Correct
One of London’s most successful football teams Arsenal
97%
Nicknamed the Granite City Aberdeen
91%
The most successful soccer team in Birmingham Aston Villa
88%
London concert hall in which the Proms are staged Albert Hall
81%
University town on the W coast of Wales Aberystwyth
72%
Merseyside racecourse used annually to stage the Grand National Aintree
63%
Staffordshire theme park Alton Towers
63%
Channel Island Alderney
56%
County town in N Ireland of a county of the same name. It has two cathedrals, both named after St Patrick Armagh
50%
Devon town famous for its carpets Axminster
50%
Northumberland town whose castle was used for filming Harry Potter Alnwick
47%
Welsh mining village and site of a disaster in 1966 Aberfan
38%
Scottish town situated on the N Sea coast and famed for it’s “smokie”, a type of smoked haddock Arbroath
38%
British Territory in the Caribbean Anguilla
34%
Historic county of W Scotland including the Mull of Kintyre Argyll
34%
Kentish town and departure station for the Channel Tunnel Ashford
31%
Island off SW coast of Scotland Arran
28%
Scotland’s most famous ski resort Aviemore
25%
Town in England famous for its prehistoric stone circle Avebury
22%
British Territory in the Atlantic used as a staging post during the Falklands War Ascencion Island
9%
No matching quizzes found
Score Distribution
Percent of People with Each Score
Percentile by Number Answered
Your Score History
You have not taken this quiz